000
00328 a2200133 4500
000
nam a22 7a 4500
100
_a
Abrahan, George
110
_a
Abrahan, George
245
_a
Physical Litrracy
250
_a
Latest edition
260
_b
Khel Sahitya Kendra
_c
2025
264
_b
Khel Sahitya Kendra
_c
2025
942
_c
BK
999
_c
394168
_d
394168